Multimethod research ; a synthesis of styles

Αποθηκεύτηκε σε:
Λεπτομέρειες βιβλιογραφικής εγγραφής
Κύριος συγγραφέας: Brewer, John 1936-
Άλλοι συγγραφείς: Hunter, Albert
Μορφή: Βιβλίο
Γλώσσα:English
Δημοσίευση: London : Sage Publications, c1989
Σειρά:Sage library of social research ; ; 175
Θέματα:
Ετικέτες: Προσθήκη ετικέτας
Δεν υπάρχουν, Καταχωρήστε ετικέτα πρώτοι!

MARC

LEADER 00000nam a2200000 i 4500
001 1/50306
008 980216s1989 eng d
020 |a 0-8039-3078-X (pbk.) 
035 |l 10026981 
040 |a GR-MY-UA  |b gre  |e aacr 
041 0 |a eng 
082 0 |a 300.72 
100 1 |a Brewer, John  |b 1936- 
245 1 0 |a Multimethod research ; a synthesis of styles /  |c J. Brewer, A. Hunter 
260 |a London :   |b Sage Publications,   |c c1989 
300 |a 209 p. 
490 1 |a Sage library of social research  |v ; 175 
504 |a Includes bibliographical references and index 
650 0 0 |a Social sciences  |x Research  |x Methodology. 
700 1 |a Hunter, Albert. 
830 0 |a Sage library of social research ;  |v ; 175 
852 |a INST  |b CHIOS  |e 19980216  |h 300.72 BRE  |p 005200009933  |q 005200009933  |t BK  |y 0 
901 |a BIBL-1997-3 
909 |a Χ  |b 048436